000 00879nmm a2200265 a 4500
001 ocm0002347292
003 TR-IsHL
005 20201028184522.0
008 190511s2019 tu eng
007 cr cn
020 _a9786057566102
035 _a2347292
_b(N$T)
050 0 4 _aPR8684
_b.R5 2019
090 0 4 _aPR8684
_b.R5 2019
100 1 _aTrollope, Anthony
245 1 0 _aA ride across Palestine
_h[electronic resource] /
_cAnthony Trollope
260 _aİstanbul :
_bE-Kitap Projesi & Cheapest Books,
_c2019
300 _a79 p.
650 4 _aDil ve Edebiyat
650 4 _aLanguage and Literature
650 0 _aİngiliz denemeleri
650 0 _aEnglish essays
650 7 _aLITERARY COLLECTIONS / European / English, Irish, Scottish, Welsh
_2bisacsh
856 4 0 _uhttp://search.ebscohost.com/login.aspx?direct=true&scope=site&db=e011xww&AN=2347292
999 _c21037
_d21037